| 000 | 00460nam a22001457a 4500 | ||
|---|---|---|---|
| 003 | MACL | ||
| 005 | 20200306165511.0 | ||
| 008 | 200306b xxu||||| |||| 00| 0 eng d | ||
| 040 | _cMACL | ||
| 100 |
_aचतुरसेन _978559 |
||
| 245 | _aमहाराणा राजसिंह : जय पराजय | ||
| 260 |
_aदिल्ली _bअनश्वर प्रकाशन _c2019 |
||
| 650 |
_aनाटक _978560 |
||
| 942 |
_2ddc _cHIN |
||
| 999 |
_c62323 _d62323 |
||